Diccionario de finanzas empresariales: español-inglés

Сохранить в:
Библиографические подробности
Главный автор: Cué Vega, Andrés (Автор)
Формат:
Язык:испанский
английский
Опубликовано: Ciudad de México Granica 2000
Редактирование:1a. ed
Предметы:
Метки: Добавить метку
Нет меток, Требуется 1-ая метка записи!

MARC

LEADER 00000cam a2200000 a 4500
001 UCE6086
003 CL-VaPUC
008 150319e20000000mx |||||||||||||||||spa|d
020 |a 9685015244 
041 0 7 |a spa  |2 CL-VaPUC 
041 0 7 |a eng  |2 CL-VaPUC 
082 0 4 |a 413.1  |b CUE  |2 21 
100 0 |a Cué Vega, Andrés  |e author  |9 578765 
245 1 0 |a Diccionario de finanzas empresariales: español-inglés 
250 |a 1a. ed 
300 |a 242 p 
942 |c BK 
945 |d 20150319 12:57:00  |a arojas 
260 |a Ciudad de México  |b Granica  |c 2000 
650 0 |a Diccionarios español-inglés  |9 266775 
650 0 |a Finanzas  |9 260832 
650 0 |a Vocabulario técnico   |9 547480 
583 |a last modification  |c 20150319 12:57:00  |k Rodrigo Vera 
999 |c 358554  |d 358552